000
00239 a2200097 4500
001
13985
100
_a
Fowler J.H
245
_a
Palgrave's golden treasury of songs lyrics Bk fourth
260
_a
London
_b
Macmilan
_c
090
_c
10947
_d
10947
942
_a
NUST-CAE
_c
M
_c
1055
999
_c
249058
_d
249058